000
00300nam a2200133Ia 4500
005
20251222143255.0
008
251222s9999||||xx |||||||||||||| ||spa||
020
_a
84-204-4228-3
082
_a
868.89/S26C
100
_a
Saramago, José
245
0
_a
La Caverna
264
_b
Alfaguara
942
_c
LIB
999
_c
15129
_d
15129